Statistiques concernant Le plus grande ville commençant par Q dans ce pays

Cliquez ici pour prendre le quiz!

Statistiques générales

  • Ce quiz a été pris 115 fois
  • Le résultat moyen est 3 sur 7

Statistiques - réponses

PaysQ-ville% Correct
EquateurQuito
90%
FranceQuimper
82%
CanadaQuébec
52%
IranQom
27%
PakistanQuetta
13%
BrésilQueimados
7%
ArgentineQuilmes
4%

Distribution des résultats

Percentile par nombre de réponses

% des personnes avec chaque résultat

Votre développement - résultats

Vous n’avez pas pris ce quiz